| 000 | 00891cam a2200265u 4500 | ||
|---|---|---|---|
| 999 |
_c234566 _d234566 |
||
| 001 | 5933391 | ||
| 003 | Nust | ||
| 005 | 20170324111657.0 | ||
| 008 | 821029s1928 nyuf 000 0 eng | ||
| 010 | _a 29001568 | ||
| 020 | _a9780140620504 | ||
| 040 |
_aDLC _cCarP _dDLC |
||
| 043 | _ae-uk--- | ||
| 050 | 0 | 0 |
_aPZ3.S43 _bI83 _aPR5318 |
| 082 |
_a823.7 _bSCO |
||
| 100 | 1 |
_aScott, Walter, _d1771-1832. |
|
| 245 | 1 | 0 | _aIvanhoe |
| 260 |
_aNew York, _bJ. H. Sears & company, inc. _c1928 |
||
| 300 |
_a527 p. _bfront., plates. _c22 cm. |
||
| 600 | 0 | 0 |
_aIvanhoe _c(Fictitious character) _vFiction. |
| 650 | 0 |
_aKnights and knighthood _vFiction. |
|
| 650 | 0 |
_aJews _zEngland _vFiction. |
|
| 651 | 0 |
_aGreat Britain _xHistory _yRichard I, 1189-1199 _vFiction. |
|
| 655 | 7 |
_aHistorical fiction. _2gsafd |
|
| 655 | 7 |
_aLove stories. _2gsafd |
|
| 906 |
_a0 _bcbc _cpremunv _du _encip _f19 _gy-gencatlg |
||
| 942 |
_2ddc _cBK |
||